Catálogo público

Aprovechamiento de los Subproductos Cárnicos/ por Antonio Madrid (Record no. 209299)

MARC details
000 -CABECERA
campo de control de longitud fija 00694nam a2200241Ia 4500
001 - NÚMERO DE CONTROL
campo de control dia_2259
003 - IDENTIFICADOR DEL NÚMERO DE CONTROL
campo de control CHAP
005 - FECHA Y HORA DE LA ÚLTIMA TRANSACCIÓN
campo de control 20240307112758.0
008 - DATOS DE LONGITUD FIJA--INFORMACIÓN GENERAL
campo de control de longitud fija 220601s9999 xx 000 0 und d
020 ## - NÚMERO INTERNACIONAL ESTÁNDAR DEL LIBRO
Número Internacional Estándar del Libro 84-89922-13-6
040 ## - FUENTE DE LA CATALOGACIÓN
Centro catalogador/agencia de origen MXCHPUA
Centro/agencia transcriptor CHAP
082 ## - NÚMERO DE LA CLASIFICACIÓN DECIMAL DEWEY
Número de clasificación 664.92 M33
100 ## - ENTRADA PRINCIPAL--NOMBRE DE PERSONA
Nombre de persona Madrid, Antonio
9 (RLIN) 151812
245 ## - MENCIÓN DE TÍTULO
Título Aprovechamiento de los Subproductos Cárnicos/ por Antonio Madrid
260 ## - PUBLICACIÓN, DISTRIBUCIÓN, ETC.
Lugar de publicación, distribución, etc. Madrid, España: Mundi-Prensa
300 ## - DESCRIPCIÓN FÍSICA
Extensión 324 p.
500 ## - NOTA GENERAL
Nota general I.199781 c.1I.226788 c.2
600 ## - PUNTO DE ACCESO ADICIONAL DE MATERIA--NOMBRE DE PERSONA
Nombre de persona 1.Productos de Residuos.Ì
9 (RLIN) 175776
901 ## - ELEMENTOS DE DATOS A LOCAL LDA (RLIN)
a 664.92 M33
902 ## - ELEMENTOS DE DATOS B LOCAL, LDB (RLIN)
a M
905 ## - ELEMENTOS DE DATOS E LOCAL, LDE (RLIN)
a 0000001999 MADA 0000000000ESP00
942 ## - ELEMENTOS DE PUNTO DE ACCESO ADICIONAL (KOHA)
Tipo de ítem Koha Libro
Fuente del sistema de clasificación o colocación Dewey Decimal Classification
Holdings
Estado de retiro Estado de pérdida Fuente del sistema de clasificación o colocación Estado dañado No para préstamo Código de colección Localización permanente Ubicación/localización actual Fecha de adquisición Total de préstamos Signatura topográfica completa Código de barras Fecha visto por última vez Fecha del último préstamo Número de copia Precio válido a partir de Tipo de ítem Koha
    Dewey Decimal Classification     General Ingenieria Agroindustrial Ingenieria Agroindustrial 01/06/2022 2 664.92 M33 dia_6055 28/10/2024 28/10/2024 2 01/06/2022 Libro
    Dewey Decimal Classification     General Ingenieria Agroindustrial Ingenieria Agroindustrial 01/06/2022 4 664.92 M33 dia_4739 09/09/2024 09/09/2024 1 01/06/2022 Libro